| 000 | 00575nam a2200193Ia 4500 | ||
|---|---|---|---|
| 999 |
_c15846 _d15846 |
||
| 003 | OSt | ||
| 005 | 20200606115835.0 | ||
| 008 | 190216s9999||||xx |||||||||||||| ||und|| | ||
| 040 | _cMESKC library | ||
| 082 |
_bHAI/M _a823.8 |
||
| 100 | 1 |
_aHaggard, H. Rider _9146 _d1856-1925 _q(Henry Rider), |
|
| 245 | 0 |
_aMayavini = She / _c Henry Rider Haggard |
|
| 260 |
_bStar Track Publishers, _aDelhi: |
||
| 300 | _a265p | ||
| 500 | _aTranslation of She | ||
| 650 | _aHindi | ||
| 700 |
_9147 _aGhosh, Deepshika |
||
| 942 |
_cBK _2ddc _h823.8 _iHAG/M _k823.8 _mHAG/M |
||